000 00522nam a22001697a 4500
003 BD-DhUL
005 20191027115453.0
008 191027s1974 pk ||||| |||| 00| 0 urd d
040 _aBD-DhUL
_cBD-DhUL
082 _a922.97
_bALZ
100 3 _aعلی اکبر قرشی
245 1 0 _aزندگانی سیاد الشھداء /
_cعلی اکبر قرشی
260 _aلاہور :
_bشیخ غلام علی اینڈسنز،
_c۱۹۷۴۔
300 _aص۔ ۳۰۴ ؛
_c۲۲ سم۔
650 4 _2Biography
942 _2ddc
_cBK
999 _c250549
_d250549